000 00388nam a22001697a 4500
005 20260330143204.0
008 160615b xxu||||| |||| 00| 0 eng d
020 _a81-203-1693-2
041 _aeng
082 _b7659
100 _aAshby, franklin C
_91950
245 _aRevitalize Your Corporate Culture
260 _bPHI
_c2000
300 _a307
650 _aManagement
942 _cBK
999 _c2734
_d2733